书目信息 |
| 题名: |
中国电影院线概论
|
|
| 作者: | 刘嘉 著 | |
| 分册: | ||
| 出版信息: | 北京 人民出版社 2017 |
|
| 页数: | 257页 | |
| 开本: | 23cm | |
| 丛书名: | ||
| 单 册: | ||
| 中图分类: | J943 | |
| 科图分类: | ||
| 主题词: | 电影市场--研究--中国 | |
| 电子资源: | ||
| ISBN: | 978-7-01-017718-2 | |
| 000 | 00914nam0 2200229 450 | |
| 001 | 2198 | |
| 005 | 20180522172205.09 | |
| 010 | @a978-7-01-017718-2@dCNY42.00 | |
| 100 | @a20171116d2017 em y0chiy50 ea | |
| 101 | 0 | @achi |
| 102 | @aCN@b110000 | |
| 105 | @ay z 000yy | |
| 200 | 1 | @a中国电影院线概论@9zhong guo dian ying yuan xian gai lun@f刘嘉著 |
| 210 | @a北京@c人民出版社@d2017 | |
| 215 | @a257页@d23cm | |
| 300 | @a北京电影学院现代创意媒体学院“十三五”精品教材建设项目 | |
| 330 | @a本书以中国电影院线改革为切入点,详尽阐述了院线制改革启动、发生、发展的十余年历程中,从院线制改革之初的全国千余家影院、1800张银幕起步,到2015年底,中国电影放映市场已有3.3万张银幕、影院六千多家。成为全球除北美之外第一大市场的中国,赶上或齐平北美也只是时间问题。 | |
| 606 | 0 | @a电影市场@x研究@y中国 |
| 690 | @aJ943@v5 | |
| 701 | 0 | @a刘嘉@9liu jia@c(女)@4著 |
| 801 | 0 | @aCN@b91MARC@c20171116 |
| 905 | @aMuseLib@dJ943@e335 | |
| 中国电影院线概论/刘嘉著.-北京:人民出版社,2017 |
| 257页;23cm |
| 北京电影学院现代创意媒体学院“十三五”精品教材建设项目 |
| ISBN 978-7-01-017718-2:CNY42.00 |
| 本书以中国电影院线改革为切入点,详尽阐述了院线制改革启动、发生、发展的十余年历程中,从院线制改革之初的全国千余家影院、1800张银幕起步,到2015年底,中国电影放映市场已有3.3万张银幕、影院六千多家。成为全球除北美之外第一大市场的中国,赶上或齐平北美也只是时间问题。 |
| ● |
| 相关链接 |
|
|
|
|
正题名:中国电影院线概论
索取号:J943/335
 
预约/预借
| 序号 | 登录号 | 条形码 | 馆藏地/架位号 | 状态 | 备注 |
| 1 | 1108349 | 211083496 | 第一样本阅览室/ [索取号:J943/335] | 在馆 | |
| 2 | 1108350 | 211083502 | 教育系资料室/ [索取号:J943/335] | 在馆 | |
| 3 | 1108351 | 211083511 | 教育系资料室/ [索取号:J943/335] | 在馆 | |
| 4 | 1108352 | 211083520 | 第一借阅区/ [索取号:J943/335] | 在馆 |